| 000 | 00510nam a2200133Ia 4500 | ||
|---|---|---|---|
| 008 | 250506s9999 xx 000 0 und d | ||
| 024 | _a11B-54-EL, 11B-63-EL, 11B-66-EL & 11B-83-EL | ||
| 082 | _a629.83072 INA | ||
| 100 | _aInam Aziz, Osama Abdul Khaliq Fasihi, Muhammad Faraz Sheikh & Muhammad Noman Sagheer | ||
| 245 | 0 | _aAndroid Controlled Smart Wheelchair for Physically Handicapped People | |
| 260 |
_aKarachi: _bUIT, _c2011 |
||
| 600 | _aElectronic Engineering | ||
| 650 | _aBachelor of Engineering (BE) | ||
| 999 |
_c28046 _d28046 |
||